El anticristo /

Guardado en:
Autor Principal: Nietzsche, Friedrich Wilhelm
Formato: Libro
Publicado: Buenos Aires : Buró, 1999
Materias:
Etiquetas: Agregar Etiqueta
Sin Etiquetas, Sea el primero en etiquetar este registro!
LEADER 00508nam a22001815a 4500
001 CEM.cems010454
005 20080516112223.0
008 130507s1999##################000#0#####d
003 CEMS
020 |a 9879703049 
082 0 4 |a 193 
100 1 |a Nietzsche, Friedrich Wilhelm 
245 1 0 |a El anticristo /  |c Friedrich Wilhelm Nietzche 
260 |a Buenos Aires :  |b Buró,  |c 1999 
300 |a 93 p. 
653 |a Filosofía 
653 |a Filosofía alemana 
859 |a CEMS  |b BIB. CEMS - 11 de abril  |h 193  |i N559-1  |p 21022.00  |t Ej.1